Born in Missoula/Montana - Statistics

General Stats
  • This quiz has been taken 23 times
    15 since last reset
  • The average score is 5 of 7
Answer Stats
Hint Answer % Correct
Comedian, actor and former cast member of "Saturday Night Live", known for his role as Garth Algar in "Wayne's World" 1955 Dana Carvey
100%
Director, "Twin Peaks" "Eraserhead" "The Elephant Man" "Mulholland Drive" 1946 David Lynch
100%
First woman to hold federal office in the United States, she was elected to Congress in 1916 1880 Jeannette Rankin
80%
Australian-American physicist, he received the Nobel Prize for providing evidence that the expansion of the universe is accelerating 1967 Brian Schmidt
60%
Actor, known for his role as Mitchell Pritchett in "Modern Family" 1975 Jesse Tyler Ferguson
60%
Head football coach at Central Michigan University since 2019 (former head coach at Florida and Colorado State) 1962 Jim McElwain
60%
Governor of Montana from 2013 to 2021 1966 Steve Bullock
60%
No matching quizzes found
Score Distribution
Percent of People with Each Score
Percentile by Number Answered
Your Score History
You have not taken this quiz since the last reset